000 01019cam a22002174a 4500
005 20250605164058.0
008 250528s ||||||||||||||||||||||||d
035 _a17539
020 _a736044191
040 _aGR-AtMCL
_bgre
_dGR-AtMCL
_eAACR2
245 1 _aFoundations of Sport and Exercise Psychology / Third Edition
250 _a3rd
260 _bHuman Kinetics,
_c2003
300 _a588
520 _aThis book sets a new standard for introductory textbooks in the field, offering readers a comprehensive view of the research, practice, and excitement in the world of sport and exercise. Preface, Acknowledgements, Introduction, Getting Started, Understanding Participants, Understanding Sport and Exercise Environments, Understanding Group Processes, Enhancing Performance, Enhancing Health and Well-Being, Facilitating Psychological Growth and Development, References, Index.
700 1 _aDaniel Gould
_93685
700 1 _aWeinberg Robert
_93686
942 _cBK
999 _c2946
_d2946